Open Data Biblioteca Nacional de Portugal


República Portuguesa: Ministério da Cultura
Biblioteca Nacional de Portugal

Catálogo da BNP: acesso por Identificadores Unívocos
Registos Bibliográficos associados ao registo de autoridade

Etiqueta de registo: 00254nam 2200025 450
001 2243767
003 http://id.bnportugal.gov.pt/bib/catbnp/2243767
010 ## $a978-989-33-8687-3
021 ## $aPT$b555673/25
100 ## $a20260109d2025 m y0pory01030103ba
101 0# $apor
102 ## $aPT
105 ## $aa z 000yy
106 ## $ar
200 1# $aIncríveis pessoas comuns.$hVol. II$fVasco Amorim Araújo... [et al.]$gparticipação espec. Ana Rita Lima... [et al.]
205 ## $a1ª ed
210 #9 $aLanheses$cCentro Paroquial e Social de Lanheses,$d2025
215 ## $a346, [2] p.$cil.$d21 cm
675 ## $a929A/Z(=1:469)(047.53)$vBN$zpor$3486312
701 #1 $aAraújo,$bVasco Amorim$4070$31976498
702 #1 $aLima,$bAna Rita$4205$31905436
801 #0 $aPT$bBN$gRPC
856 41 $uhttp://rnod.bnportugal.gov.pt/ImagesBN/winlibimg.aspx?skey=&doc=2243767&img=220064&save=true
900 ## $aBIBNAC$d20260327
966 ## $lBN$mFGMON$sH.G. 88988 V.$x1
966 ## $lBN$mFGMON$sH.G. 88988 V.-D$x1
971 ## $corlando$d20260109
972 ## $e0$z0$d20260327$vlrevez
973 ## $csteixeira$d20260309

OpendataBNP@bnportugal.pt | Mais informação sobre acesso aos dados BNP